| 000 | 00901nam a22002057a 4500 | ||
|---|---|---|---|
| 003 | OSt | ||
| 005 | 20251108134236.0 | ||
| 008 | 251108b |||||||| |||| 00| 0 eng d | ||
| 040 | _c0 | ||
| 082 | _aDPer 372.83044 SoI31 September 2022-April 2023 v. 35 n. 1-4 | ||
| 100 |
_aMaloy, Robert. _eauthor. _969316 |
||
| 245 |
_aStanding up to sit down : _bexploring civil rights transportation protest with picture books and young adult chapter books and student poetry writing / _cRobert W. Maloy, Sharon A. Edwards, and Sara Shea. |
||
| 260 |
_aNCSS Publication ; _cMarch-April 2023. |
||
| 300 |
_aVolume 35, pages 21-26 : _billustration ; _c28 cm. |
||
| 500 | _aSocial Studies and the Young Learner, vol. 35, no. 3, pages 21-26, March/April 2023. | ||
| 700 |
_aMaloy, Robert. _eauthor. _969316 |
||
| 710 |
_aEdwards, Sharon A. _eauthor. _969317 |
||
| 711 |
_aShea, Sara. _jauthor. _969318 |
||
| 942 |
_2ddc _cPER |
||
| 999 |
_c24180 _d24180 |
||